000 00514nam a2200169 i 4500
001 42313
003 ES-MaACL
005 20231204171250.0
007 t|
008 030313s1926 sp ||||1| spa d
100 1 _aCejador y Frauca, Julio,
_d1864-1927
_937333
245 1 0 _aIbérica
_b: alfabeto e inscripciones ibéricas /
_cJulio Cejador y Franca.
260 _aBarcelona :
_b[s.n.,
_c1926] (
_fTip. Emporium)
300 _a100 p. ;
_c23 p.
852 _aES-MaACL
_j1711-F-3
999 _c42313
_d42313